Charlotte Hornets All-Time Scoring Leaders - Statistics

General Stats
  • This quiz has been taken 57 times
  • The average score is 11 of 20
Answer Stats
Points Player % Correct
12009 Kemba Walker
100%
4569 Alonzo Mourning
95%
7405 Larry Johnson
92%
9839 Dell Curry
87%
5531 Muggsy Bogues
82%
5651 Glen Rice
76%
4630 Emeka Okafor
58%
7437 Gerald Wallace
55%
4149 Marvin Williams
55%
3728 Nicolas Batum
42%
4701 Gerald Henderson
39%
3379 Kelly Tripucka
39%
3738 Michael Kidd-Gilchrist
39%
3611 Cody Zeller
37%
4159 Kendall Gill
37%
5241 Davis Wesley
29%
5311 Raymond Felton
29%
3573 Elden Campbell
26%
3424 Jeremy Lamb
24%
3574 Rex Chapman
21%
No matching quizzes found
Score Distribution
Percent of People with Each Score
Percentile by Number Answered
Your Score History
You have not taken this quiz